Jackson v J H Watson Property Investment Ltd (Record no. 79943)

MARC details
000 -LEADER
fixed length control field 01541cad a22002055a 4500
001 - CONTROL NUMBER
control field L142794
008 - FIXED-LENGTH DATA ELEMENTS--GENERAL INFORMATION
fixed length control field 080311e20080107xxk f w 000 0 eng d
035 ## - SYSTEM CONTROL NUMBER
System control number (Sirsi) u142794
041 0# - LANGUAGE CODE
Language code of text/sound track or separate title eng
245 00 - TITLE STATEMENT
Title Jackson v J H Watson Property Investment Ltd
Medium [electronic resource]
260 ## - PUBLICATION, DISTRIBUTION, ETC.
Date of publication, distribution, etc. 2008
520 ## - SUMMARY, ETC.
Summary, etc. [2008] EWHC 14(Ch), 7 January 2008. Considers whether a landlord can be liable in nuisance to a long leaseholder when the cause of damage predates the lease. The claimant (J) held a long lease on a flat in a building which had been converted into flats. At the time of the conversion a problem had occurred which had subsequently resulted in water entering J's flat. J accepted that the landlord company (W) was not liable for the problem. However he argued that W had caused a continuing nuisance by failing to repair the problem. "Held": The principle of caveat lessee applied. J had taken the premises as they were and could have no complaint regarding a pre-existing defect. J could not rely on the law of nuisance to force W to put right problems caused during the stewardship of J's predecessor in title. Judgment for the defendant.
590 ## - LOCAL NOTE (RLIN)
Local note KA
650 24 - SUBJECT ADDED ENTRY--TOPICAL TERM
Topical term or geographic name entry element JACKSON V J H WATSON PROPERTY INVESTMENT LTD
650 24 - SUBJECT ADDED ENTRY--TOPICAL TERM
Topical term or geographic name entry element SOUTHWARK LBC V MILLS
651 #4 - SUBJECT ADDED ENTRY--GEOGRAPHIC NAME
Geographic name England and Wales
Chronological subdivision 1543-
690 ## - LOCAL SUBJECT ADDED ENTRY--TOPICAL TERM (OCLC, RLIN)
Topical term or geographic name as entry element PROPERTY-RESIDENTIAL PROPERTY-RESIDENTIAL LANDLORD AND TENANT-RESIDENTIAL TENANCIES
856 40 - ELECTRONIC LOCATION AND ACCESS
Uniform Resource Identifier <a href="https://www.bailii.org/ew/cases/EWHC/Ch/2008/14.html">https://www.bailii.org/ew/cases/EWHC/Ch/2008/14.html</a>
Public note View the judgment free of charge at www.bailii.org...
942 ## - ADDED ENTRY ELEMENTS (KOHA)
Suppress in OPAC 0
Holdings
Withdrawn status Lost status Source of classification or shelving scheme Damaged status Not for loan Home library Current library Shelving location Date acquired Total Checkouts Full call number Barcode Date last seen Copy number Price effective from Koha item type
    Dewey Decimal Classification     Virtual Virtual Online 11/03/2008   ONLINE PUBLICATION 142794-1001 06/08/2019 1 06/08/2019 Law report